Märchen-Quiz - Statistiken

Allgemein
  • Dieses Quiz wurde 1.210 mal gespielt
  • Das Durchschnittsergebnis liegt bei 9 aus 15
Antwortstatistiken
Hint Antwort % Korrekt
Ganz unten Steht der Esel. Nenne ein weiteres Tier das Teil der Bremer Stadtmusikanten ist? Katze | Hahn | Hund
95%
In welchem Märchen geht es um eine Prinzessin, die eine goldene Kugel in einen Brunnen fallen lässt? Der Froschkönig
88%
Wie heißt die Schwester von Rosenrot? Schneeweißchen
86%
Wem schüttelt Goldmarie die Betten aus? Frau Holle
84%
Welche "Sieben" erlegte das tapfere Schneiderlein auf einen Streich? Fliegen
80%
In „Die sechs Schwäne“ muss die Schwester der verwandelten Brüder wie viele Jahre schweigend Kleider nähen, um den Fluch zu brechen? Sieben Jahre
73%
Aus welchem Material sind "Des Kaisers neue Kleider"? Luft | Nichts | Unsichtbar
66%
Welche Tiere führen den Prinzen auf Aschenputtels Spur? Tauben
63%
Welcher Charakter in „Schneeweißchen und Rosenrot“ verwandelt sich am Ende der Geschichte in einen Prinzen? Der Bär
54%
Was ist dem armen Sterntaler-Kind noch geblieben? Ein dünnes Hemd
40%
Was befindet sich im Korb von Rotkäppchen? Kuchen und Wein
33%
Welches Märchen der Brüder Grimm beinhaltet einen sprechenden Fisch, der Wünsche erfüllen kann? Vom Fischer und seiner Frau
30%
In welchem Märchen verwandelt die böse Stiefmutter den Bruder in ein Reh? Brüderchen und Schwesterchen
28%
Welches Märchen der Brüder Grimm beginnt mit einem Wunsch, den ein armer Holzfäller und seine Frau bei einem Zauberwesen äußern? Rumpelstilzchen
26%
Welches Märchen beginnt mit der Zeile: „Es war einmal ein Kaufmann, der hatte drei Töchter“? Die Schöne und das Biest
10%
Keine übereinstimmenden Quizze gefunden
Verteilung der Resultate
Anzahl Personen mit jedem Resultat
Perzentil nach korrekt beantworteten Fragen
Ihre Resultats-Entwicklung
Sie haben dieses Quiz noch nicht gespielt